Normal view
MARC view
Entry Topical Term
001 - CONTROL NUMBER
- control field: 5283
003 - CONTROL NUMBER IDENTIFIER
- control field: PK-LaUMT
005 - DATE AND TIME OF LATEST TRANSACTION
- control field: 20250411105605.0
008 - FIXED-LENGTH DATA ELEMENTS
- fixed length control field: 250411|| aca||aabn | a|a d
040 ## - CATALOGING SOURCE
- Original cataloging agency: PK-LaUMT
- Transcribing agency: PK-LaUMT
150 ## - HEADING--TOPICAL TERM
- Topical term or geographic name as entry element: Global Health
670 ## - SOURCE DATA FOUND
- Source citation: Work cat.: (PK-LaUMT)137288: McLaren, Shawn W. 5282, Nutrition and global health /, 2023
